000 00823nam a22002177a 4500
999 _c17115
_d17115
003 AR-CdUCM
008 190507b ||||| |||| 00| 0 spa d
040 _aMUNICIPALIDAD PROVINCIAL DEL CUSCO
_cBIBLIOTECA MUNICIPAL DEL CUSCO
082 _a375.26 /
_bH43
100 _aHernández Ruiz, Santiago
_95211
245 _aDisciplina escolar /
260 _aMéxico :
_bLuis Fernández,
_c1955.
300 _a136 páginas ;
_c18 cm.
440 _aEnsayos Pedagógicos.
_n8
_936970
505 _aContenido: El problema -- La disciplina y el maestro -- Libertad y espontaneidad -- La disciplina y el trabajo escolar -- Las reacciones naturales -- El problema de las sanciones ...
650 _aEducación
_9460
650 _aFormación
_98434
650 _aDisciplina
_98638
942 _2ddc
_cLIBROS
945 _aachl
_d2019-05-07